Data communication and Networking (Record no. 5031)

MARC details
000 -LEADER
fixed length control field 00352nam a2200145Ia 4500
008 - FIXED-LENGTH DATA ELEMENTS--GENERAL INFORMATION
fixed length control field 191201s2011 xx 000 0 und d
082 ## - DEWEY DECIMAL CLASSIFICATION NUMBER
Classification number 004.6
Item number FOD
100 ## - MAIN ENTRY--PERSONAL NAME
Personal name FOROUZAN,Behrouz,A
245 #0 - TITLE STATEMENT
Title Data communication and Networking
250 ## - EDITION STATEMENT
Edition statement 25th
260 ## - PUBLICATION, DISTRIBUTION, ETC. (IMPRINT)
Place of publication, distribution, etc N. delhi
Name of publisher, distributor, etc TMH
Date of publication, distribution, etc 2011
300 ## - PHYSICAL DESCRIPTION
Extent 1134
650 ## - SUBJECT ADDED ENTRY--TOPICAL TERM
Topical term or geographic name as entry element M.Tech (ECE)
942 ## - ADDED ENTRY ELEMENTS (KOHA)
Source of classification or shelving scheme Dewey Decimal Classification
Koha item type Text Books
942 ## - ADDED ENTRY ELEMENTS (KOHA)
-- 9
Holdings
Withdrawn status Lost status Source of classification or shelving scheme Damaged status Not for loan Collection code Home library Current library Date acquired Source of acquisition Cost, normal purchase price Bill Number Total Checkouts Full call number Acc. no. / Barcode Date last seen Date last borrowed Bill Date Koha item type
    Dewey Decimal Classification     B.Tech(ECE) PIET C-LIBRARY PIET C-LIBRARY 08/10/2011 UDH pub and dis Delhi 460.00 in1238 1 004.6 FOD 18374 16/11/2021 25/10/2021 01/10/2011 Text Books
    Dewey Decimal Classification     B.Tech(ECE) PIET C-LIBRARY PIET C-LIBRARY 08/10/2011 UDH pub and dis Delhi 460.00 in1238 3 004.6 FOD 18375 17/06/2024 13/06/2024 01/10/2011 Text Books
    Dewey Decimal Classification     B.Tech(ECE) PIET C-LIBRARY PIET C-LIBRARY 08/10/2011 UDH pub and dis Delhi 460.00 in1238 3 004.6 FOD 18376 29/11/2021 25/10/2021 01/10/2011 Text Books
    Dewey Decimal Classification     B.Tech(ECE) PIET C-LIBRARY PIET C-LIBRARY 08/10/2011 UDH pub and dis Delhi 460.00 in1238 3 004.6 FOD 18377 02/11/2023 18/10/2023 01/10/2011 Text Books
    Dewey Decimal Classification     B.Tech(ECE) PIET C-LIBRARY PIET C-LIBRARY 08/10/2011 UDH pub and dis Delhi 460.00 in1238 1 004.6 FOD 18378 07/03/2022 08/09/2021 01/10/2011 Text Books

Design & Developed by: PIET Central Library
R70 Miles Stone Pattikalyana Samalkha Panipat 132102
mail ID :- [email protected], Phone No:- 0180-2569700 Ex.216